Statistics for The Many Colors of Yoshi

Click here to take the quiz!

General Stats

  • This quiz has been taken 143 times
  • The average score is 14 of 40

Answer Stats

HintAnswer% Correct
1Green
98%
3Blue
97%
2Red
97%
9Purple
94%
8Black
91%
4Yellow
90%
10Orange
88%
7White
86%
5Pink
85%
27Brown
76%
20Gray
58%
17Gold
57%
15Silver
53%
21Cyan
50%
16Bronze
38%
22Magenta
33%
13Indigo
32%
33Dark Blue
24%
18Platinum
16%
24Rose
12%
14Ruby
12%
35Copper
11%
19Emerald
10%
25Lilac
10%
6Baby Blue
8%
39Diamond
8%
40Ginger
5%
36Tin
5%
38Bone
4%
28Dark Gray
4%
29Light Gray
4%
11Yellow-Green
4%
26Apricot
3%
37Bubble Gum
3%
34Coral
3%
12Orange-Yellow
3%
32Electric Yellow
2%
23Flamigo Pink
2%
30Gunmetal
2%
31Timberwolf
2%

Score Distribution

Percentile by Number Answered

Percent of People with Each Score

Your Score History

You have not taken this quiz